| 000 | 00692nam a22001937a 4500 | ||
|---|---|---|---|
| 005 | 20230720040913.0 | ||
| 008 | 230720b |||||||| |||| 00| 0 eng d | ||
| 020 | _a978-971-821-934-8 | ||
| 082 | _aFil. 792.8 P643 2020 | ||
| 100 |
_aPilobello, Bernadette Bermaglomay I. _eauthor |
||
| 245 |
_aP.E. 2: _brhythmic activities / _cBernadette Bermaglomay I. Pilobello, Julies G. Gupo; Adelaida B, Mapalad, editor |
||
| 260 |
_aMalabon City: _bMutya Publishing House, _cc2020 |
||
| 300 |
_a122p.: _bill. |
||
| 504 | _aIncludes bibliographical references | ||
| 541 | _e7315 c.1, 7316 c.2, 7317 c.3 | ||
| 650 | _aDance | ||
| 700 |
_aGupo, Julies G. _eauthor |
||
| 700 |
_aMapalad, Adelaida B. _eeditor |
||
| 999 |
_c2212 _d2212 |
||